Growth in Scientific Research Quiz Stats

Quiz not verified by Sporcle

Challenge
Share
Tweet
Embed
Score 0/0 Timer 00:00
0 Plays Today
% Correct
Japan
85%
South Korea
81.7%
Finland
78.3%
Sweden
78.3%
Australia
76.7%
Switzerland
75%
Denmark
75%
Spain
75%
Iceland
73.3%
Austria
73.3%
% Correct
Norway
73.3%
Greece
71.7%
Italy
71.7%
Belgium
70%
New Zealand
70%
Portugal
70%
Ireland
68.3%
Singapore
65%
Netherlands
65%
Israel
60%

You're not logged in!

Compare scores with friends on all Sporcle quizzes.
Sign Up with Email
OR
Log In

You Might Also Like...

Show Comments

Extras

Top Quizzes Today


Score Distribution

Your Account Isn't Verified!

In order to create a playlist on Sporcle, you need to verify the email address you used during registration. Go to your Sporcle Settings to finish the process.

Report this User

Report this user for behavior that violates our Community Guidelines.

Details: